Library Banner

Ethical banking : surviving in an age of default/ (Record no. 100709)

MARC details
000 -LEADER
fixed length control field 00423nam a22001577a 4500
005 - DATE AND TIME OF LATEST TRANSACTION
control field 20171212123446.0
008 - FIXED-LENGTH DATA ELEMENTS--GENERAL INFORMATION
fixed length control field 171212b xxu||||| |||| 00| 0 eng d
020 ## - INTERNATIONAL STANDARD BOOK NUMBER
International Standard Book Number 033355230X
040 ## - CATALOGING SOURCE
Transcribing agency PK-LaUMT
082 ## - DEWEY DECIMAL CLASSIFICATION NUMBER
Classification number PKAC 174.4
Item number LYN-E
100 ## - MAIN ENTRY--PERSONAL NAME
Personal name Lynch , James J.
245 ## - TITLE STATEMENT
Title Ethical banking : surviving in an age of default/
Statement of responsibility, etc James J. Lynch
260 ## - PUBLICATION, DISTRIBUTION, ETC. (IMPRINT)
Place of publication, distribution, etc London:
Name of publisher, distributor, etc Macmillan
Date of publication, distribution, etc 1991
300 ## - PHYSICAL DESCRIPTION
Extent 220 p.
942 ## - ADDED ENTRY ELEMENTS (KOHA)
Koha item type Books
Holdings
Withdrawn status Lost status Damaged status Home library Current library Date acquired Full call number Barcode Date last seen Price effective from Koha item type
      UMT Main Campus UMT Main Campus 2017-12-12 PKAC 174.4 LYN-E 116573 2017-12-12 2017-12-12 Books